000 01100cam a2200277 4500
001 ABS66735
008 030523n2003 000 0 eng u
035 _a(Sirsi) u122403
100 _aCoyle, D.
245 4 _aThe salary game
260 _c2003
490 _aBuilding Services Journal
_v25(5) May 2003, 42-48(7)
520 _aPresents a survey of service engineers' salaries. Points out that while numbers of engineers are falling, pay is going up. Tables cover consulting engineers,surveyors and estimators, electrical engineers, mechanical engineers, management contractors and commissioning engineers, including regional variations.
590 _aABS
650 _aSALARIES
650 _aSALARY SURVEYS
650 _aCONSULTING ENGINEERS
650 _aSURVEYORS' SALARIES
650 _aESTIMATORS' SALARIES
650 _aELECTRICAL ENGINEERS' SALARIES
650 _aMECHANICAL ENGINEERS' SALARIES
650 _aMANAGEMENT CONTRACTORS' SALARIES
650 _aCOMMISSIONING ENGINEERS' SALARIES
690 _aMANAGEMENT-BUSINESS MANAGEMENT-PROFESSIONAL PRACTICE
942 _n0
999 _c72757
_d72757